Mort subite Les enfants des années 80 - Statistiques

Statistiques générales
  • Ce quiz a été pris 324 fois
  • Le résultat moyen est 3 sur 40
Answers on the Grid
Answers color-coded by a green-red scale on the quiz's grid according to % correct below.
Christina Aguilera
Sara Mortensen
Fauve Hautot
Florent Manaudou
Britney Spears
Christophe Maé
Jarry
Martin Fourcade
Chris Marques
Gérald Darmanin
Shy'm
Camélia Jordana
Artus
Elodie Gossuin
Gaspard Ulliel
Alexandre Lacazette
Tarek Boudali
Adele
Alex Goude
Rama Yade
Ariana Grande
Valérie Bègue
Jérémy Michalak
Kate Nash
Brice Samba
Christophe Lemaitre
Thierry Dusautoir
Michael Phelps
Maëva Coucke
Emmanuel Macron
Ophélie Meunier
Marion Bartoli
Quentin Fillon Maillet
Luka Karabatic
Alexis Pinturault
Flora Coquerel
Serena Williams
Justin Bieber
Audrey Tautou
Tété
Wesley Fofana
Eva Green
Laura Smet
Chimène Badi
Jérémy Frérot
Daniella Alonso
Camille Lou
Rafael Nadal
Rayane Bensetti
Félicity Jones
Zoé Félix
Jenifer
Tal
Emmanuel Moire
Beyoncé
Brian Joubert
Marius Colucci
Stromae
Bigflo
Laura Tanguy
Cyril Lignac
Vianney
Mika
Mark Zuckerberg
Ahmed Sylla
Slimane
Alberto Contador
Cartman
Tiger Woods
Iris Mittenaere
Renaud Lavillenie
Max Boublil
Antoine Griezmann
Delphine Wespiser
Daniel Radcliffe
Maud Fontenoy
Jean-Baptiste Guégan
Booder
Teddy Riner
Hugo Lloris
 
Statistiques - réponses
Réponse % Correct
1980 Christina Aguilera
50%
1981 Britney Spears
45%
1986 Fauve Hautot
39%
1985 Shy'm
19%
1987 Artus
14%
1988 Adele
10%
1984 Gaspard Ulliel
10%
1988 Martin Fourcade
9%
1980 Elodie Gossuin
8%
1981 Serena Williams
8%
1981 Beyoncé
7%
1982 Jenifer
7%
1983 Laura Smet
7%
1986 Hugo Lloris
6%
1980 Jérémy Michalak
6%
1986 Rafael Nadal
6%
1981 Thierry Dusautoir
6%
1985 Valérie Bègue
6%
1980 Eva Green
5%
1982 Gérald Darmanin
5%
1982 Chimène Badi
4%
1983 Mika
4%
1985 Stromae
4%
1989 Teddy Riner
4%
1984 Brian Joubert
3%
1984 Marion Bartoli
3%
1984 Mark Zuckerberg
3%
1987 Ophélie Meunier
3%
1983 Jean-Baptiste Guégan
2%
1985 Michael Phelps
2%
1986 Renaud Lavillenie
2%
1989 Tal
2%
1982 Alberto Contador
1%
1989 Daniel Radcliffe
1%
1983 Félicity Jones
1%
1987 Laura Tanguy
1%
1988 Luka Karabatic
1%
1988 Wesley Fofana
1%
1987 Kate Nash
0%
1989 Slimane
0%
Aucun quiz correspondant
Distribution des résultats
% des personnes avec chaque résultat
Percentile par nombre de réponses
Votre historique - résultats
Vous n’avez pas pris ce quiz